Reformas estructurales : mitos y realidades /
Frente a las reformas estructurales emprendidas por el gobierno actual que dirige Enrique Peña, el autor identifica por un lado, los cuatro ciclos de reformas que se han suscitado desde la Epoca Colonial hasta el presente siglo XXI en México y las afectaciones que han producido en el desarrollo del...
Kaydedildi:
| Yazar: | |
|---|---|
| Materyal Türü: | Kitap |
| Dil: | İspanyolca |
| Baskı/Yayın Bilgisi: |
México :
Congreso de la Unión, Cámara de Diputados, LXII Legislatura : Miguel Angel Porrúa,
2014, c2014
|
| Konular: | |
| Etiketler: |
Etiket eklenmemiş, İlk siz ekleyin!
|
MARC
| LEADER | 00000nam^a2200000^a^4500 | ||
|---|---|---|---|
| 001 | 000349804 | ||
| 005 | 20250521000000.0 | ||
| 009 | 20260526141508.949 | ||
| 020 | |a 978-607-401-862-2 | ||
| 037 | |a Acervo ITESO - Biblioteca | ||
| 041 | |a ESP | ||
| 082 | |a 330. 972 |b MON | ||
| 100 | |a Monreal Avila, Ricardo |e (autor) | ||
| 245 | 1 | 0 | |a Reformas estructurales : |b mitos y realidades / |c R. Monreal Avila. |
| 264 | 4 | |a México : |b Congreso de la Unión, Cámara de Diputados, LXII Legislatura : |b Miguel Angel Porrúa, |c 2014, c2014 | |
| 300 | |a 274 p. | ||
| 336 | |a texto |b txt |2 rdacontenido | ||
| 337 | |a sin mediación |b n |2 rdamedio | ||
| 338 | |a volumen |b nc |2 rdasoporte | ||
| 520 | |a Frente a las reformas estructurales emprendidas por el gobierno actual que dirige Enrique Peña, el autor identifica por un lado, los cuatro ciclos de reformas que se han suscitado desde la Epoca Colonial hasta el presente siglo XXI en México y las afectaciones que han producido en el desarrollo del país y por otro, plantea un modelo alternativo que incremente el bienestar de la ciudadanía. El estudio analiza de manera especial las reformas del cuarto ciclo, que corresponden al sexenio actual. | ||
| 649 | |a XX | ||
| 650 | |a Liberalismo y Neoliberalismo Económicos | ||
| 650 | |a Reforma Económica | ||
| 650 | |a Reforma Política | ||
| 650 | |a Políticas Públicas | ||
| 650 | |a Política Económica - |z México - |x Historia | ||
| 650 | |a Desarrollo Económico-Social - |z México - |x Historia | ||
| 650 | |a Política - |z México - |x Historia | ||
| 650 | |a Economía - |z México - |x Historia - |x Tema Principal | ||
| 650 | |a México - |x Historia | ||
| 650 | |a México - |x Condiciones Políticas | ||
| 650 | |a México - |x Condiciones Económicas | ||
| 910 | |a Fondo General | ||
| 920 | |a Impresos - Libros | ||
| 930 | |a Colección General | ||
| 905 | |a 101 | ||
| 901 | |a 0500239984 |b IT1 |c ACC |i C142799 |u 20250521 | ||
| 902 | |a https://opac.biblio.iteso.mx/vufind/Record/000349804 | ||